Statistiken für Die 10 beliebtesten Sportarten der Welt 2020

Klicken Sie hier um das Quiz zu spielen!

Allgemein

  • Dieses Quiz wurde 1.670 mal gespielt
  • Das Durchschnittsergebnis liegt bei 6 aus 10

Antwortstatistiken

RanglisteFans ca.Sportart% Korrekt
1.4 MilliardenFußball
100%
7.825 MillionenBasketball
91%
4.1 MillardeTennis
78%
2.2,5 MillardenCricket
66%
8.500 MillionenBaseball
64%
9.475 MillionenRugby
57%
10.450 MillionenGolf
49%
5.900 MillionenVolleyball
48%
6.875 MillionenTischtennis
43%
3.2 MilliardenFeldhockey
6%

Verteilung der Resultate

Perzentil nach korrekt beantworteten Fragen

Anzahl Personen mit jedem Resultat

Ihre Resultats-Entwicklung

Sie haben dieses Quiz noch nicht gespielt